Obálka Náhled e-knihy:
Epub
Pro půjčování e-knih musíte být přihlášeni.
Jak si půjčit online?

Spoutej mě /

Přestěhovala jsem se kvůli práci do malého města. Moje kleptomanie se tu stěží maskovala. Cítila jsem se víc osamělá a emoce mě nutily krást. Neustále jsem potkávala stejné lidi, hlavně šerifa Bradleyho, který mě vytáčel. Jenže mi najednou došlo, že nejde o nenávist, ale o touhu svádět policejního f...

Celý popis

Uloženo v:
Hlavní autor: Marks, Hope (Autor)
Médium: E-kniha
Jazyk:Czech
Vydáno: Praha : Petra Nachtmanová, 2023
Tagy:
Žádné tagy
LEADER 01963nam a22002297i 4500
001 297557
007 ta
008 260413s2023 xr ||||| |||| 00| 0 cze d
020 |a 9990003732613 
044 |a xr 
100 1 |a  Marks, Hope  |4 aut 
245 1 0 |a Spoutej mě /  |c  Marks, Hope 
264 1 |a Praha :  |b Petra Nachtmanová,  |c 2023 
300 |a 1 online zdroj (528 stran) 
336 |a text  |b txt  |2 rdacontent 
337 |a bez média  |b n  |2 rdamedia 
338 |a online zdroj  |b cr  |2 rdacarrier 
520 2 |a Přestěhovala jsem se kvůli práci do malého města. Moje kleptomanie se tu stěží maskovala. Cítila jsem se víc osamělá a emoce mě nutily krást. Neustále jsem potkávala stejné lidi, hlavně šerifa Bradleyho, který mě vytáčel. Jenže mi najednou došlo, že nejde o nenávist, ale o touhu svádět policejního fešáka tak dlouho, dokud si mě nespoutá drsně, něžně i navždy. Může vztah mezi kleptomankou a poldou fungovat, když každý stojíme na jiné straně zákona? Když tvrdí: „Lauro, jsem policista a nemůžu randit s výtržníky!“ Snažil se mi odolat, ale zvládne se držet svých zásad? Hrála jsem si s ním jako kočka s myší. Podlehne mi? Vždyť bych tak ráda skončila zadržená a nadržená v jeho náručí. Chápu, že nemůže věčně krýt moje drobné krádeže, ale vzájemnou přitažlivost nelze přehlédnout. Oba nás ovládla až do morku kostí, dokud se všechno nezvrtlo… Nadešel čas rozhodnutí. Vyberu si klidnou budoucnost a život s utlumenými touhami, nebo podlehnu spalující vášni? 
910 |a RBIT002 
998 |d 373261  |a https://core.palmknihy.cz/api/books/373261/cover?rsl686  |b https://core.palmknihy.cz/api/books/373261/cover/400?rsl686  |c https://core.palmknihy.cz/api/books/373261/cover/50?rsl686  |e 2026-04-20  |g 528  |i 9990003732613  |j https://core.palmknihy.cz/api/books/373261/preview.epub  |l   |q 49  |r 1  |s https://www.palmknihy.cz/kniha/373261  |t ebook  |y 2023  |z 1 
999 |d 297555